| 000 | 01302nam2a2200253 4500 | ||
|---|---|---|---|
| 001 | RU\NLR\BIBL_A\010564184 | ||
| 005 | 20250614072049.0 | ||
| 010 |
_a978-5-4331-0071-8 _950 |
||
| 021 |
_aRU _b2014-77830 _94758 |
||
| 035 | _a(NLR Aleph) 010564184 | ||
| 090 |
_a10395127 _c10395127 |
||
| 100 | _a20141212d2014 |||y0rusy50 ca | ||
| 101 | 0 | _arus | |
| 102 | _aRU | ||
| 105 | _aa z 001yy | ||
| 200 | 0 | _aЧ. 1 | |
| 210 |
_d2014 _aБ. м. |
||
| 215 |
_a254 с. _cил. |
||
| 320 | _aБиблиогр. в подстроч. примеч. | ||
| 461 | 0 |
_1001RU\NLR\BIBL_A\010779006 _12000#$aПолезный опыт "афганцев"$eвоенно-исторический сборник$eв 3 ч.$fРяз. высш. воздуш.-десант. команд. училище им. ген. армии В. Ф. Маргелова$gавт.-сост.: В. И. Шайкин$vЧ. 1 _910057258 _cРязань _d2014 _fРяз. высш. воздуш.-десант. команд. училище им. ген. армии В. Ф. Маргелова _nРВВДКУ _oвоенно-исторический сборник : в 3 ч. _tПолезный опыт "афганцев" _vЧ. 1 |
|
| 942 | _cBOOK | ||
| 980 | _aNB | ||